| 000 | 00494cam a22002054a 4500 | ||
|---|---|---|---|
| 005 | 20250605164317.0 | ||
| 008 | 250528s ||||||||||||||||||||||||d | ||
| 035 | _a22726 | ||
| 020 | _a9780852973509 | ||
| 040 |
_aGR-AtMCL _bgre _dGR-AtMCL _eAACR2 |
||
| 245 | 1 | _aFINANCE OF INTERNATIONAL TRADE | |
| 250 | _a5 | ||
| 260 | _c1994 | ||
| 300 | _a340 | ||
| 700 | 1 |
_aWatson Alasdair _91706 |
|
| 942 | _cBK | ||
| 710 | 2 |
_aChartered Institute Of Bankers _99804 |
|
| 999 |
_c7771 _d7771 |
||